000 00269nam a2200097Ia 4500
008 231107s1998 xx 000 0 und d
041 _aeng
100 _aSpence William
245 _aConstruction:principles,materials & methods
260 _aLondon
_bDelmar Publishers
_c1998
999 _c923825
_d923825